Southville International School and Colleges
Your cart is empty.
  • Cart
  • Lists
    Public lists Eva Luna New books Lux_list list_1
    Your lists Log in to create your own lists
  • Log in to your account
  • Your cookies
  • Search history
Southville International School and Colleges
  • Advanced search
  • Recent comments
  • Most popular
  • Libraries

Log in to your account

Log in with GOOGLE


If you do not have an external account, but do have a local account, you can still log in:

  1. Home
  2. MARC view: Perfect Phrases for performance reviews :
Normal view MARC view ISBD view

Perfect Phrases for performance reviews : (Record no. 25632)

[ view plain ]
MARC details
000 -LEADER
fixed length control field 00731nam a22002297a 4500
005 - DATE AND TIME OF LATEST TRANSACTION
control field 20140313100406.0
008 - FIXED-LENGTH DATA ELEMENTS--GENERAL INFORMATION
fixed length control field 131120b xxu||||| |||| 00| 0 eng d
020 ## - INTERNATIONAL STANDARD BOOK NUMBER
International Standard Book Number 9780071745079
050 ## - LIBRARY OF CONGRESS CALL NUMBER
Classification number HF 5549.5.R3
Item number .M258 2011
100 ## - MAIN ENTRY--PERSONAL NAME
Personal name Max, Douglas.
245 ## - TITLE STATEMENT
Title Perfect Phrases for performance reviews :
Remainder of title hundreds of ready-to-use phrases for describing employee performance /
Statement of responsibility, etc Douglas Max; Robert Bacal.
250 ## - EDITION STATEMENT
Edition statement 2nd ed.
260 ## - PUBLICATION, DISTRIBUTION, ETC. (IMPRINT)
Place of publication, distribution, etc New York :
Name of publisher, distributor, etc McGraw-Hill,
Date of publication, distribution, etc 2011.
300 ## - PHYSICAL DESCRIPTION
Extent xv,
Other physical details 204 p. ;
Dimensions 21 cm.
521 ## - TARGET AUDIENCE NOTE
Target audience note
650 ## - SUBJECT ADDED ENTRY--TOPICAL TERM
Topical term or geographic name as entry element Employees
General subdivision Rating of.
650 ## - SUBJECT ADDED ENTRY--TOPICAL TERM
Topical term or geographic name as entry element Employees
Form subdivision Rating of
General subdivision Terminology.
700 ## - ADDED ENTRY--PERSONAL NAME
Personal name Bacal, Robert.
942 ## - ADDED ENTRY ELEMENTS (KOHA)
Source of classification or shelving scheme Library of Congress Classification
Koha item type Books
Call number prefix Foreign
Holdings
Withdrawn status Lost status Source of classification or shelving scheme Damaged status Home library Current library Shelving location Date acquired Source of acquisition Total Checkouts Full call number Barcode Date last seen Copy number Price effective from Koha item type
    Library of Congress Classification   College Library College Library General Circulation Section 11/20/2013 Donation   HF 5549.5.R3 .M258 2011 C17161 05/15/2018 1 11/20/2013 Books
    Library of Congress Classification   College Library College Library General Circulation Section 12/16/2013 Donation   HF 5549.5.R3 .M258 2011 C17306 05/15/2018 2 12/16/2013 Books

Perfect Phrases for performance reviews :

APA

Max D., Bacal R., . (2011). Perfect Phrases for performance reviews. New York: McGraw-Hill.

Chicago

Max Douglas, Bacal Robert, . 2011. Perfect Phrases for performance reviews. New York: McGraw-Hill.

Harvard

Max D., Bacal R., . (2011). Perfect Phrases for performance reviews. New York: McGraw-Hill.

MLA

Max Douglas, Bacal Robert, . Perfect Phrases for performance reviews. New York: McGraw-Hill. 2011.

  • Place hold
  • Print
  • Cite
  • Add to your cart (remove)
  • Save record
    BIBTEX Dublin Core MARCXML MARC (non-Unicode/MARC-8) MARC (Unicode/UTF-8) MARC (Unicode/UTF-8, Standard) MODS (XML) RIS
  • More searches
    Search for this title in:
    Other Libraries (WorldCat) Other Databases (Google Scholar) Online Stores (Bookfinder.com) Open Library (openlibrary.org)

Exporting to Dublin Core...

SOUTHVILLE LIBRARY

Southville International School and Colleges Library

1281 Tropical Ave. Cor. Luxembourg St., BF Homes International, Las Pinas City

Tel. No. 8256374 / 252358 Loc. 117/146

Powered by Koha